| 000 | 00604nam a2200205Ia 4500 | ||
|---|---|---|---|
| 008 | 140626s9999 xx 000 0 und d | ||
| 100 | _aMiskovsky, Mary Jane. | ||
| 245 |
_aLessons learned when evaluating web-based nutrition education in college freshmen / _cMary Jane Miskovsky. |
||
| 260 | _cc2012. | ||
| 300 | _a8 : 2, page 123 | ||
| 440 | _aThe Journal for Nurse Practitioners (JNP) | ||
| 521 | _aNUR | ||
| 650 | _aCollege freshmen. | ||
| 650 | _aInternet. | ||
| 650 | _aNutrition education. | ||
| 650 | _aObesity. | ||
| 650 | _aSelf-efficacy. | ||
| 650 | _aWeight gain. | ||
| 942 | _cSE | ||
| 999 |
_c121419 _d121419 |
||